| 000 | 00721nam a22002297a 4500 | ||
|---|---|---|---|
| 999 |
_c183 _d183 |
||
| 003 | AR-CdUCM | ||
| 008 | 190222b ||||| |||| 00| 0 spa d | ||
| 020 | _a8470760343 | ||
| 040 |
_aMUNICIPALIDAD PROVINCIAL DEL CUSCO _cBIBLIOTECA MUNICIPAL DEL CUSCO |
||
| 082 |
_a858.8 / _bSA164 |
||
| 100 |
_aSalgari, Emilio _9800 |
||
| 245 | _aCabeza de Piedra / | ||
| 260 |
_aMadrid : _bGahe, _c1975. |
||
| 300 |
_a184 paginas ; _b7 Ilustraciones. _c20 cm. |
||
| 505 | _aUn caƱonazo a tiempo -- El valor Americano -- Las cuatro ejecuciones -- La escuadra fantasma... | ||
| 650 |
_aHombre _9838 |
||
| 650 |
_aCorsario _9839 |
||
| 650 |
_aCuerpo _9840 |
||
| 650 |
_aFuerte _9841 |
||
| 942 |
_2ddc _cLIBROS |
||
| 945 |
_awnts _d2019-02-22 |
||